El Instituto de Cultura Puertorriqueña 1955-1973: 18 años contribuyendo a fortalecer nuestra conciencia nacional

Saved in:
Bibliographic Details
Main Author: Alegría Gallardo, Ricardo Enrique (Author)
Format: Book
Language:Spanish
Published: Barcelona Instituto de Cultura Puertorriqueña 1978
Subjects:
Tags: Add Tag
No Tags, Be the first to tag this record!

MARC

LEADER 00000nam a2200000 a 4500
001 UCZ6346
003 CL-VaPUC
008 951211e19780000SP |||||||||||||||||spa|d
082 0 4 |a 972.95  |b ALE  |2 21 
100 0 |a Alegría Gallardo, Ricardo Enrique  |e author  |9 350597 
245 1 3 |a El Instituto de Cultura Puertorriqueña 1955-1973: 18 años contribuyendo a fortalecer nuestra conciencia nacional 
300 |a 266 p 
942 |c BK 
945 |d 19951211 00:00:00  |a rleighto 
260 |a Barcelona  |b Instituto de Cultura Puertorriqueña  |c 1978 
650 0 |a Cultura  |9 269059 
650 0 |a Organizaciones culturales  |9 350598 
651 7 |a PUERTO RICO  |2 CL-VaPUC  |9 254988 
583 |a last modification  |c 20190712 04:45:08  |k Rodrigo Vera 
999 |c 242555  |d 242553 
952 |0 0  |1 0  |4 0  |6 972_950000000000000_ALE_1978  |7 0  |8 A  |9 255594  |a BIBEDU  |b BIBEDU  |d 2019-11-19  |i 315968K  |o 972.95 ALE 1978  |p 315968K  |r 2019-11-19  |w 2019-11-19  |y BK  |k LIT